| 000 -LEADER |
| fixed length control field |
00816cam a22002893a 4500 |
| 020 ## - INTERNATIONAL STANDARD BOOK NUMBER |
| ISBN |
9780821374023 |
| 020 ## - INTERNATIONAL STANDARD BOOK NUMBER |
| ISBN |
0821374028 |
| 020 ## - INTERNATIONAL STANDARD BOOK NUMBER |
| ISBN |
9780821373996 |
| 020 ## - INTERNATIONAL STANDARD BOOK NUMBER |
| ISBN |
0821373994 |
| 040 ## - CATALOGING SOURCE |
| Transcribing agency |
BTCTA |
| 082 ## - DEWEY DECIMAL CLASSIFICATION NUMBER |
| Classification number |
384 INT 2008 A011 Or. |
| 245 04 - TITLE STATEMENT |
| Title |
The Little Data Book on Information and Communication Technology 2008 |
| 246 03 - VARYING FORM OF TITLE |
| Title proper/short title |
Little Data Book on Information and Communication Technology 08 |
| 300 ## - PHYSICAL DESCRIPTION |
| Number of Pages |
230 pages ; |
| Dimensions |
20 cm |
| 500 ## - GENERAL NOTE |
| General note |
Includes glossary |
| 650 #0 - SUBJECT ADDED ENTRY--TOPICAL TERM |
| Topical Term |
Telecommunication |
| 650 #0 - SUBJECT ADDED ENTRY--TOPICAL TERM |
| Topical Term |
Information technology |
| 650 #0 - SUBJECT ADDED ENTRY--TOPICAL TERM |
| Topical Term |
Telecommunication |
| 650 #0 - SUBJECT ADDED ENTRY--TOPICAL TERM |
| Topical Term |
Information technology |
| 650 #0 - SUBJECT ADDED ENTRY--TOPICAL TERM |
| Topical Term |
Telecommunication |
| 650 #0 - SUBJECT ADDED ENTRY--TOPICAL TERM |
| Topical Term |
Information technology |
| 650 #0 - SUBJECT ADDED ENTRY--TOPICAL TERM |
| Topical Term |
Digital divide |
| 710 2# - ADDED ENTRY--CORPORATE NAME |
| Corporate name or jurisdiction name as entry element |
World Bank |
| 710 2# - ADDED ENTRY--CORPORATE NAME |
| Corporate name or jurisdiction name as entry element |
World Bank. |
| 710 2# - ADDED ENTRY--CORPORATE NAME |
| Corporate name or jurisdiction name as entry element |
World Bank. |
| 942 ## - ADDED ENTRY ELEMENTS (KOHA) |
| Koha item type |
សៀវភៅភាសាអង់គ្លេស |
| 952 ## - LOCATION AND ITEM INFORMATION (KOHA) |
| Withdrawn status [LOCAL, KOHA] |
0 |